Jean Follain
Saved in:
| Hovedforfatter: | |
|---|---|
| Format: | Bog |
| Sprog: | fransk |
| Udgivet: |
París
Pierre Seghers
1956
|
| Serier: | Poetes d'aujourd'hui, 49
|
| Fag: | |
| Tags: |
Tilføj Tag
Ingen Tags, Vær først til at tagge denne postø!
|
MARC
| LEADER | 00000nam a2200000 a 4500 | ||
|---|---|---|---|
| 001 | UCY4412 | ||
| 003 | CL-VaPUC | ||
| 008 | 950313e19560000FR |||||||||||||||||fre|d | ||
| 082 | 0 | 4 | |a 841.09 |b DHO |2 21 |
| 100 | 0 | |a Dhotel, André |e author |9 332840 | |
| 245 | 1 | 0 | |a Jean Follain |
| 300 | |a 205 p | ||
| 942 | |c BK | ||
| 945 | |d 19950313 00:00:00 |a mfernand | ||
| 260 | |a París |b Pierre Seghers |c 1956 | ||
| 600 | 0 | 7 | |a FOLLAIN, JEAN |2 CL-VaPUC |9 332841 |
| 650 | 0 | |a Crítica e interpretación |9 255042 | |
| 583 | |a last modification |c 19950313 00:00:00 |k Rodrigo Vera | ||
| 490 | 0 | |a Poetes d'aujourd'hui, 49 | |
| 999 | |c 232277 |d 232275 | ||
| 952 | |0 0 |1 0 |4 0 |6 841_090000000000000_DHO_1956 |7 0 |8 P |9 236401 |a BIBART |b BIBART |d 2019-11-15 |i 3062600 |o 841.09 DHO 1956 |p 3062600 |r 2025-03-13 |w 2019-11-15 |y BK |k ART | ||